Music Quiz

Random Music or Kpop Quiz

BTS Trivia Quiz Stats

 Plays Quiz not verified by Sporcle

Score 0/50 Timer 20:00
0 Plays Today
Questions Answers % Correct
In what year did BTS debut?2013
98.1%
Who is the youngest member/maknae?Jungkook
95.1%
Who is the leader?Rap Monster
95%
Who is the oldest member?Jin
94.8%
Who is the choreography leader?J-Hope
93%
Who was born in the same year as Rap Monster?J-Hope
83.8%
Who has the nickname Chimchim?Jimin
83.6%
Whose birthday is in March?Suga
82.9%
Which member has a Mario collection?Jin
82.8%
In what year was Jin born?1992
82.4%
How many members have the same surname?3
81.8%
Which member has an older sister?J-Hope
81.6%
Whose birthday is in the same month as Rap Monster's?Jungkook
80.8%
Who is friends with Jackson from Got7?Rap Monster
80.8%
Which member is obsessed with red converse highs?Rap Monster
80.3%
Which member has Jimin called 'Mom'?Jin
79.3%
Who made friends in the toilet with Sungjae from BTOB?V
76.3%
Which member has a dog nammed Jjangu?Jin
75.7%
Who is friends with Ken from VIXX?Jin
74.8%
Which member will be the first of the members to appear in a drama?'V
74.3%
Which members are from Busan?Jimin and Jungkook
73.7%
Who was on student council as a student?Suga
73.2%
Who cannot handle roller coasters?J-Hope
72.1%
Who could have had the stage name 'Seagull'?Jungkook
71.9%
Who claims to have legs better than SNSD?Suga
71.5%
Questions Answers % Correct
What is J-Hope's favorite color?green
71.1%
Aside from black and brown, what is the hair color that all seven members have had during promotions?red
70.4%
Which member has a unique way of waking up Jungkook in the morning?Jin
69.1%
Who has rhinitis?Jungkook
68.4%
Which member was known as widely searched as 'car door guy?'Jin
66.4%
What is BTS's debut album?2 Cool 4 Skool
65.3%
Which single gave BTS their first win?I Need U
64.8%
Which member of EXO has V been said to look like?Baekhyun
62.3%
Which member had an appendectomy during promotions in Japan?Suga
62.1%
Name a group BTS has collaborated with during MAMA.Got7
61.3%
Which dance features Jimin running on the members backs?No More Dream
52%
What does AHL stand for?American Hustle Life
48.1%
Which girl group (not soloist) did BTS collab with for a CF in 2016?GFriend
46.7%
Which member of AOA has Jungkook imitated?Jimin
46.6%
What are Jimin and V known as?95z
41.9%
Which female soloist did BTS collab with to make an SK Telecom CF?Jessi
36.9%
In which show did Suga confess to 'borrowing' Jungkook's underwear?Rookie King
34.1%
Name one variety show BTS had on V-APP in 2015.Run BTS
28.8%
Which K-pop star with her own YouTube channel has made a shout-out to BTS?Amber
28.2%
Where did BTS go for their summer package 2015?Malaysia
24.1%
What was Suga's underground rapper name?Gloss
22.1%
Which 'piano' game have the members been seen playing in Bangtan Bombs?Piano Tiles 2
20.8%
What is the CEO of BTS's company known as?Hitman Bang
18.8%
What are Jimin, V, and J-Hope known as?sunshine line
15.7%
What was Rap Monster's underground rapper name?Raunch Randa
9.1%

You're not logged in!

Compare scores with friends on all Sporcle quizzes.
OR
Log In

Sporcle TV

Today on Sporcle TV


Watch our educational content, quiz creation guides, and fun videos on Sporcle TV.

Show Comments

Extras

Created May 21, 2016ReportNominate
Tags:Kpop Quiz, BTS, Kpop Quiz

Top Quizzes Today


Score Distribution

Your Account Isn't Verified!

In order to create a playlist on Sporcle, you need to verify the email address you used during registration. Go to your Sporcle Settings to finish the process.

Report this User

Report this user for behavior that violates our Community Guidelines.

Details: